Doktorské anekdoty

Bibliographic Details
Format: Book
Language:Slovak
PhysicalDescription:171 s. ilustr. 10 cm
Published: Bratislava Nakladateľstvo Nestor 2010
ISBN:9788080800833
Edition:[1. vyd.]
Subjects:

MARC

LEADER 00000nam a2200000 a 4500
001 vtls010583376
003 SK-MaSNL
005 20260301034637.0
008 200104s2010 xo a g 000 m slo
015 |a SNBA2014/05 
020 |a 9788080800833  |q (viaz.) 
035 |a urn:nbn:sk:snk-am00czzd 
035 |a urn:nbn:sk:snk-am3hgz7 
035 |a F918AD3E-516C-4DBB-8FA8-D3E8B2036136 
040 |a SNK  |b slo  |c SNK  |e AACR2 
041 0 |a slo 
044 |a xo  |c SK 
072 7 |a 821-1/-8  |x Literatúra rôznych foriem a žánrov  |2 konspekt 
080 |a 616-051  |2 2001 
080 |a (0:82-36)  |2 2001 
080 |a 82-7  |2 2001 
080 |a 821-36  |2 2001 
245 0 0 |a Doktorské anekdoty  |c [zostavenie: Jozef Michaláč] 
250 |a [1. vyd.] 
260 |a Bratislava  |b Nakladateľstvo Nestor  |c 2010 
300 |a 171 s.  |b ilustr.  |c 10 cm 
650 0 7 |a lekári  |x humor  |2 SNKPH  |9 335884 
650 0 7 |a Physicians  |x humor  |2 SNKPHeng  |9 335885 
655 7 |a anekdoty  |2 SNKPH  |9 70417 
655 7 |a Anecdotes  |2 SNKPHeng  |9 304694 
919 |a 978-80-8080-083-3 
999 |c 582213  |d 584143 
952 |a SNK  |b SNK  |y PREZ  |7 0  |p 17A1106863  |o snkSE 12793  |i snk2014/6828  |8 0  |0 0  |1 0  |4 0  |d 2014-03-17  |f 1  |l 0  |r 2026-02-23 14:56:18  |w 2026-02-23 
952 |a SNK  |b SNK  |y VYP  |7 0  |p 17A1106864  |o snkSE 12793 D1  |i snk2014/6829  |8 0  |0 0  |1 0  |4 0  |d 2014-03-17  |l 0  |r 2026-02-23 14:56:18  |w 2026-02-23